000 02021cam a2200385 i 4500
003 SA-RiAUC
005 20250220083616.0
008 250219s1990 su g i 00000 ara c
040 _aAE-AiULD
_bara
_cSA-RiAUC
_erda
050 4 _b.K4 1990
082 0 4 _a236.4016
090 _a236.4016
_b ف هـ ا
245 0 0 _aفهارس أحاديث الموطأ ومواضعها في شروحه :
_bالتمهيد-المنتقي-تنوير الحوالك-شرح الزرقاني /
_cجمع وترتيب خالد بن جمعة الخراز، فيصل بن فارس الشامي.
250 _aالطبعة الأولى.
264 1 _aالرياض :
_bمكتبة الرشد،
_c1990
300 _a317 صفحة ؛
_c24 سم
336 _aنص
_btxt
_2rdacontent
_3كتاب
337 _aبدون وسيط
_bn
_2rdamedia
338 _aمجلد
_bnc
_2rdacarrier
650 7 _aالحديث
_xالمسانيد
_vكشافات
_2aucsh
700 1 _aالخراز، خالد بن جمعة
_eجامع.
700 1 _aالشامي، فيصل بن فارس
_eجامع.
700 1 2 _aالإمام مالك، مالك بن أنس بن مالك،
_d93-179 هجري
700 1 2 _aابن عبد البر، يوسف بن عبد الله بن محمد،
_d368-463 هجري
700 1 2 _aأبو الوليد الباجي، سليمان بن خلف بن سعد،
_d403-474 هجري.
_tالمنتقى شرح الموطأ.
700 1 2 _aالجلال السيوطي، عبد الرحمن بن أبي بكر بن محمد،
_d849-911 هجري
700 1 2 _aالزرقاني، محمد بن عبد الباقي بن يوسف،
_d1055-1122 هجري
740 2 2 _aالموطأ.
740 0 2 _aتنوير الحوالك شرح موطأ مالك.
740 0 2 _aشرح الزرقاني على موطأ الإمام مالك.
740 2 2 _aالتمهيد لما في الموطأ من المعاني والأسانيد.
740 2 2 _aالمنتقى شرح الموطأ.
942 _2ddc
_cBOOK
_n0
949 _aSA-JeALM
_d250219
_uosman123
_n1
999 _c6121
_d6121